书目信息 |
| 题名: |
西风东渐
|
|
| 作者: | 熊月之 主编 | |
| 分册: | ||
| 出版信息: | 北京 外语教学与研究出版社 2010.06 |
|
| 页数: | 238页 | |
| 开本: | 24cm | |
| 丛书名: | 世博文化演艺活动系列丛书 | |
| 单 册: | ||
| 中图分类: | F299.2 | |
| 科图分类: | ||
| 主题词: | 西方文化--xi fang wen hua--影响--城市--发展--研究--中国 | |
| 电子资源: | ||
| ISBN: | 978-7-5600-9649-0 | |
| 000 | 00885nam 2200265 450 | |
| 001 | B00000055022 | |
| 005 | 20110714135640.62 | |
| 010 | @a978-7-5600-9649-0@dCNY45.00 | |
| 100 | @a20100727d2010 km y0chiy50 ea | |
| 101 | 0 | @achi |
| 102 | @aCN@b110000 | |
| 105 | @aa z 000yy | |
| 106 | @ar | |
| 200 | 1 | @a西风东渐@Axi feng dong jian@f熊月之主编 |
| 210 | @a北京@c外语教学与研究出版社@d2010.06 | |
| 215 | @a238页@c图@d24cm | |
| 225 | 2 | @a世博文化演艺活动系列丛书@Ashi bo wen hua yan yi huo dong xi lie cong shu@i城市文化读本 |
| 330 | @a全书共分为6章,主要介绍了哈尔滨、天津、青岛、上海、广州、香港的文化、名人、景观等。 | |
| 410 | 0 | @12001 @a世博文化演艺活动系列丛书 |
| 586 | @a | |
| 606 | 0 | @a西方文化@Axi fang wen hua@x影响@x城市@x发展@x研究@y中国 |
| 690 | @aF299.2@v5 | |
| 701 | 0 | @a熊月之@Axiong yue zhi@4主编 |
| 801 | 0 | @aCN@c20110610 |
| 905 | @dF299.2@eX650@f3 | |
| 西风东渐/熊月之主编.-北京:外语教学与研究出版社,2010.06 |
| 238页:图;24cm.-(世博文化演艺活动系列丛书.城市文化读本) |
| ISBN 978-7-5600-9649-0:CNY45.00 |
| 全书共分为6章,主要介绍了哈尔滨、天津、青岛、上海、广州、香港的文化、名人、景观等。 |
| ● |
| 相关链接 |
|
|
|
正题名:西风东渐
索取号:F299.2/X650
 
预约/预借
| 序号 | 登录号 | 条形码 | 馆藏地/架位号 | 状态 | 备注 |
| 1 | 883506 | 208835064 | 社科二线422/409社科库 50排2列3层/ [索取号:F299.2/X650] | 在馆 | |
| 2 | 883507 | 208835073 | 社科二线422/409社科库 50排2列3层/ [索取号:F299.2/X650] | 在馆 | |
| 3 | 883508 | 208835082 | 社科库409/409社科库 114排2列5层/ [索取号:F299.2/X650] | 在馆 |